000 01536 a2200205 4500
001 22206
005 20260407155511.0
008 260407a1991 arg spa d
003 AR-UNSa-BCEJYS
040 _aAR-UNSa-BCEJYS
_bspa
_cAR-UNSa-BCEJYS
080 _a336.2:342
_xDerecho Constitucional Tritutario
245 1 0 _aDerecho constitucional tributario
264 1 _aBuenos Aires :
_bEdiciones Depalma
_c1991
300 _axiii, 490 p.
_c25 cm.
505 _a1. Nociones de derecho constitucional tributario - 2. El programa constitucional - 3. Derecho de propiedad y tributos - 4. Poder tributario - 5. El poder de imposición y el comercio interjurisdiccional - 6. Competencia tributaria en establecimientos de utilidad nacional - 7. Poder de eximir - 8. Régimen de coparticipación tributaria - 9. Coparticipación de impuestos sobre los combustibles - 10. Principio de legalidad - 11. Irretroactividad de la ley fiscal - 12. Capacidad contributiva - 13. Principio de no confiscatoriedad - 14. Principios de igualdad y de razonabilidad de las leyes – 15. Protección de la familia - 16. El tribunal fiscal y el control de constitucionalidad – 17. Acción declarativa – 18. Acciones y recursos. Cuestiones constitucionales – 19. Derecho penal tributario - 20. El rol del poder judicial - 21. La reforma constitucional
942 _cBK
590 _aniveau_biblio:m niveau_hierar:0
100 1 _aSpisso, Rodolfo Roque
856 4 1 _uhttps://www.biblioeco.unsa.edu.ar/pmb/images/libros/L128707.jpg
_yImagen de portada
_qimage/jpeg
999 _c927
_d927